00936nam a2200241 a 450000100100000000500170001000800410002702000150006804000250008308200230010810000390013124501220017025000110029226000530030330000210035659000270037765000380040465000290044265000310047170000480050295201270055099900170067700002483920200930023412.0110203s1998 sp r 000 | spa d a9684441983 aDO-SdBNPbspacBNPHU a658.15bO16a, 19981 aOchoa Setzer., Guadalupe A.95098210aAdministración financiera 1 /cGuadalupe A. Ochoa Setzer; prólogo a la tercera edición Aníbal Rivera Marenco. a3a ed. aMéxico, D F. :bAddison Wesley Longman,c1998. a416 p. ;c23 cm. aInventariado, 2019 /LP 4aAdministración financiera96342 4aEmpresaxFinanzas950983 4aGestión financiera965641 aRivera Marenco, Aníbal,eprólogo950984 001054708MOaGRbGRcHDd2011-02-04iLF1l0o658.15 O16a, 1998p24839-10r2020-06-25w2020-06-25y4ZPréstamo en sala c24332d24332